[Event "XII Open Vallee d'Aoste A"]
[Site "Saint Vincent - Chatillon ITA"]
[Date "2004.02.13"]
[Round "7"]
[White "Soylu, Suat"]
[Black "Rombaldoni, Denis"]
[Result "1-0"]
[WhiteElo "2384"]
[BlackElo "2133"]
[PlyCount "123"]
[EventDate "2004.02.08"]

1. e4 c6 2. d4 d5 3. f3 e5 4. dxe5 Bc5 5. Nc3 Qb6 6. Na4 Qa5+ 7. c3 Bxg1 8.
Rxg1 Nd7 9. exd5 cxd5 10. b4 Qd8 11. Qxd5 Ne7 12. Qe4 f5 13. exf6 Nxf6 14. Qd4
Ned5 15. Bg5 Qe7+ 16. Kf2 O-O 17. Re1 Ng4+ 18. Qxg4 Qxe1+ 19. Kxe1 Bxg4 20.
fxg4 Rae8+ 21. Kd1 Re5 22. Bd2 Rd8 23. Kc1 Nf6 24. h3 b6 25. Nb2 b5 26. Bd3 Rc8
27. Re1 Rxe1+ 28. Bxe1 a6 29. c4 Nd5 30. Kb1 Nf4 31. cxb5 Nxd3 32. Nxd3 axb5
33. Bf2 Kf7 34. Bc5 Ke6 35. Kc2 Kd5 36. Kb3 Re8 37. Nf4+ Ke4 38. Nh5 Rd8 39.
Nxg7 Rd3+ 40. Kc2 Rg3 41. Nf5 Rxg2+ 42. Kb3 Rh2 43. Nd6+ Kd5 44. Nxb5 Rxh3+ 45.
Nc3+ Kc6 46. g5 Rg3 47. Be7 Kd7 48. Bf6 Rf3 49. Bg7 Rg3 50. Bh6 Kc6 51. a4 Kb6
52. Kc4 Rg4+ 53. Kd3 Kc6 54. Ne4 Rg1 55. Bg7 Rd1+ 56. Kc4 Re1 57. b5+ Kc7 58.
Kd5 Rd1+ 59. Bd4 Kd7 60. a5 Rb1 61. Nc5+ Ke8 62. b6 1-0

[Event "XII Open Vallee d'Aoste A"]
[Site "Saint Vincent - Chatillon ITA"]
[Date "2004.02.13"]
[Round "7"]
[White "Valenti, Giuseppe"]
[Black "Borgo, Giulio"]
[Result "0-1"]
[WhiteElo "2305"]
[BlackElo "2409"]
[PlyCount "74"]
[EventDate "2004.02.08"]

1. e4 c5 2. Nf3 e6 3. d4 cxd4 4. Nxd4 a6 5. Nc3 d6 6. g3 Ne7 7. Bg2 Nec6 8.
Nde2 Be7 9. a4 Nd7 10. O-O O-O 11. Be3 Qc7 12. h3 Rb8 13. f4 b5 14. axb5 axb5
15. Qd3 Qb7 16. Nd4 Nxd4 17. Bxd4 b4 18. e5 d5 19. Na4 Qc6 20. Qe3 Ba6 21. Rfc1
Bb5 22. c4 bxc3 23. Nxc3 Bc4 24. Nxd5 exd5 25. b3 Qe6 26. bxc4 dxc4 27. Bf1
Rfc8 28. Ra4 Bb4 29. Ra2 Nb6 30. Ra6 Nd5 31. Rxe6 Nxe3 32. Ra6 Bd2 33. Rca1 c3
34. R6a3 Nxf1 35. Bxc3 Rxc3 36. Rxc3 Bxc3 37. Rxf1 Rb2 0-1

[Event "XII Open Vallee d'Aoste A"]
[Site "Saint Vincent - Chatillon ITA"]
[Date "2004.02.13"]
[Round "7"]
[White "Zhukova, Natalia"]
[Black "Nevednichy, Vladislav"]
[Result "1-0"]
[WhiteElo "2462"]
[BlackElo "2548"]
[PlyCount "91"]
[EventDate "2004.02.08"]

1. d4 d6 2. Nf3 g6 3. c4 Nf6 4. Nc3 Bg7 5. e4 O-O 6. Be2 e5 7. Be3 Ng4 8. Bg5
f6 9. Bh4 Nc6 10. d5 Ne7 11. Nd2 h5 12. h3 Nh6 13. g4 hxg4 14. hxg4 Nf7 15. Qb3
c5 16. Nd1 Re8 17. Qh3 Kf8 18. Ne3 Ng8 19. O-O-O a6 20. Kb1 Rb8 21. Ng2 Bh6 22.
Qc3 b5 23. Bg3 Kg7 24. f4 exf4 25. Bxf4 Qe7 26. Qh3 Rb7 27. Qh2 Bd7 28. Rdf1
bxc4 29. Ka1 c3 30. bxc3 Bb5 31. Rf2 Reb8 32. Bxh6+ Ngxh6 33. Nf4 Bd7 34. g5
fxg5 35. Nxg6 Kxg6 36. Bh5+ Kg7 37. Bxf7 Rh8 38. Qh5 Qe5 39. Qg6+ Kf8 40. Rf3
Bf5 41. Be8 Rf7 42. exf5 Rf6 43. Re3 Qxf5 44. Qxf5 Rxf5 45. Bd7 Rf2 46. Re8+
1-0

[Event "XII Open Vallee d'Aoste A"]
[Site "Saint Vincent - Chatillon ITA"]
[Date "2004.02.14"]
[Round "8"]
[White "Brady, Stephen"]
[Black "Sulava, Nenad"]
[Result "0-1"]
[WhiteElo "2362"]
[BlackElo "2477"]
[PlyCount "120"]
[EventDate "2004.02.08"]

1. e4 c5 2. c3 Nf6 3. e5 Nd5 4. d4 cxd4 5. Nf3 Nc6 6. Bc4 e6 7. cxd4 d6 8. O-O
Be7 9. Qe2 O-O 10. Nc3 dxe5 11. dxe5 Nxc3 12. bxc3 Qa5 13. Qe4 Qa4 14. Rb1 Na5
15. Bd3 Qxe4 16. Bxe4 Rb8 17. Be3 b6 18. Bd4 Ba6 19. Rfe1 Rfc8 20. Nd2 Rc7 21.
f4 Rd8 22. Kf2 g5 23. f5 Bc5 24. f6 h5 25. Rbd1 Rxd4 26. cxd4 Bxd4+ 27. Kg3
Bxe5+ 28. Kh3 Bxf6 29. Rc1 Rd7 30. Nb3 Nc4 31. Red1 Nd6 32. g3 Be2 33. Rd2 Nxe4
34. Rxe2 Nc3 35. Rf2 Nd5 36. Kg2 Kg7 37. h3 Ne3+ 38. Kf3 Nd5 39. a4 Bc3 40.
Rfc2 g4+ 41. hxg4 hxg4+ 42. Kf2 Be5 43. Re2 Kf6 44. Rc4 Kf5 45. Rd2 f6 46. Nd4+
Bxd4+ 47. Rdxd4 Rg7 48. Ke2 a6 49. Kd3 b5 50. axb5 axb5 51. Rc5 Ra7 52. Rf4+
Kg5 53. Re4 Ra3+ 54. Ke2 Ra2+ 55. Kf1 Ra1+ 56. Kg2 Ra2+ 57. Kf1 Kf5 58. Rf4+
Ke5 59. Rxb5 f5 60. Rf2 Ra1+ 0-1

[Event "XII Open Vallee d'Aoste A"]
[Site "Saint Vincent - Chatillon ITA"]
[Date "2004.02.14"]
[Round "8"]
[White "Cebalo, Miso"]
[Black "Ranieri, Fabrizio"]
[Result "1-0"]
[WhiteElo "2475"]
[BlackElo "2192"]
[PlyCount "97"]
[EventDate "2004.02.08"]

1. d4 e6 2. c4 d5 3. Nf3 Nf6 4. Nc3 Nbd7 5. cxd5 exd5 6. Bg5 Be7 7. Qc2 O-O 8.
e3 c6 9. Bd3 Re8 10. O-O Nf8 11. h3 Ng6 12. Rab1 Bd6 13. Rfe1 Be6 14. b4 a6 15.
a3 Kh8 16. Re2 Qd7 17. Bxg6 hxg6 18. Bxf6 gxf6 19. e4 Bxh3 20. e5 Bf5 21. Qd2
Kg8 22. Rbe1 fxe5 23. dxe5 Bf8 24. Nd4 Be6 25. Na4 Qc7 26. Nc5 Bxc5 27. bxc5
Qe7 28. Rb1 Rab8 29. Qc3 Kg7 30. Reb2 Rh8 31. g3 Qc7 32. f4 Qd7 33. Rb6 Rh3 34.
Nxc6 Rbh8 35. Nd4 Rh1+ 36. Kf2 R8h2+ 37. Ke3 Rxb1 38. Rxb1 g5 39. f5 Qc7 40.
Kf3 Qxe5 41. Nxe6+ Kf6 42. Qxe5+ Kxe5 43. Nxg5 Kxf5 44. Nxf7 Rc2 45. Nd6+ Ke5
46. Re1+ Kd4 47. Nxb7 Rc3+ 48. Kf4 Rxa3 49. Rd1+ 1-0

[Event "XII Open Vallee d'Aoste A"]
[Site "Saint Vincent - Chatillon ITA"]
[Date "2004.02.14"]
[Round "8"]
[White "Contin, Daniel"]
[Black "Zelcic, Robert"]
[Result "1/2-1/2"]
[WhiteElo "2394"]
[BlackElo "2524"]
[PlyCount "78"]
[EventDate "2004.02.08"]

1. c4 e5 2. Nc3 Nf6 3. Nf3 Nc6 4. g3 d5 5. cxd5 Nxd5 6. Bg2 Nb6 7. a3 Be7 8. b4
Be6 9. Rb1 f6 10. O-O O-O 11. d3 Nd4 12. Nd2 c6 13. e3 Nb5 14. Qc2 Nxc3 15.
Qxc3 Bd5 16. e4 Ba2 17. Ra1 Be6 18. Nb3 Qc8 19. a4 Kh8 20. Nc5 Bg4 21. f3 Bh5
22. Be3 Nd7 23. Bh3 Bxc5 24. bxc5 Qc7 25. a5 Rfe8 26. Ra4 a6 27. f4 Nf8 28. Ra2
Rad8 29. Rb2 Ne6 30. fxe5 fxe5 31. Rf5 Bg6 32. Rxe5 Rxd3 33. Qxd3 Qxe5 34. Rf2
h6 35. Bf5 Rd8 36. Bxe6 Rxd3 37. Rf8+ Kh7 38. Bg8+ Kh8 39. Bf7+ Kh7 1/2-1/2

[Event "XII Open Vallee d'Aoste A"]
[Site "Saint Vincent - Chatillon ITA"]
[Date "2004.02.14"]
[Round "8"]
[White "Djingarova, Emilia"]
[Black "D'Amore, Carlo"]
[Result "0-1"]
[WhiteElo "2344"]
[BlackElo "2441"]
[PlyCount "64"]
[EventDate "2004.02.08"]

1. e4 e5 2. Nf3 Nc6 3. Bc4 Nf6 4. d3 h6 5. c3 d6 6. O-O g6 7. Qe2 Bg7 8. d4 O-O
9. dxe5 Nxe5 10. Nxe5 dxe5 11. a4 Qe7 12. b4 Ne8 13. Ba3 Nd6 14. Bb3 Be6 15.
Nd2 Rfd8 16. c4 Nc8 17. c5 Rxd2 18. Qxd2 Bxb3 19. b5 c6 20. Qb4 Be6 21. bxc6
bxc6 22. a5 a6 23. Rab1 Na7 24. Qb6 Qe8 25. Rfd1 Nb5 26. Rxb5 axb5 27. a6 Qc8
28. a7 Bf6 29. Rd6 Bd8 30. Rxc6 Bxb6 31. Rxc8+ Bxc8 32. cxb6 Bb7 0-1

[Event "XII Open Vallee d'Aoste A"]
[Site "Saint Vincent - Chatillon ITA"]
[Date "2004.02.14"]
[Round "8"]
[White "Drabke, Lorenz Maximilian"]
[Black "Delchev, Aleksander"]
[Result "1/2-1/2"]
[WhiteElo "2439"]
[BlackElo "2624"]
[PlyCount "38"]
[EventDate "2004.02.08"]

1. e4 e5 2. Nf3 Nc6 3. Nc3 Nf6 4. Bb5 Nd4 5. Bc4 Bc5 6. Nxe5 Qe7 7. Nf3 d5 8.
Bxd5 Bg4 9. d3 c6 10. Bb3 Nd7 11. Bg5 Nxf3+ 12. gxf3 Qxg5 13. fxg4 Ne5 14. Na4
Bxf2+ 15. Kxf2 Nxg4+ 16. Ke1 Qh4+ 17. Kd2 Qg5+ 18. Ke1 Qh4+ 19. Kd2 Qg5+
1/2-1/2

[Event "XII Open Vallee d'Aoste A"]
[Site "Saint Vincent - Chatillon ITA"]
[Date "2004.02.14"]
[Round "8"]
[White "Falbo, Sandro"]
[Black "Dittmar, Peter"]
[Result "0-1"]
[WhiteElo "2206"]
[BlackElo "2369"]
[PlyCount "68"]
[EventDate "2004.02.08"]

1. e4 e6 2. Nf3 d5 3. Nc3 Nf6 4. e5 Nfd7 5. d4 c5 6. dxc5 Nc6 7. Bf4 Bxc5 8.
Bd3 f6 9. exf6 Qxf6 10. Bg5 Qf7 11. O-O O-O 12. Bh4 h6 13. Bb5 a6 14. Bxc6 bxc6
15. Bg3 a5 16. Re1 e5 17. Bxe5 Nxe5 18. Rxe5 Bg4 19. Qd3 Bxf3 20. gxf3 Bd6 21.
Rae1 Bxe5 22. Rxe5 Qxf3 23. Qxf3 Rxf3 24. Re6 Rf6 25. Rxf6 gxf6 26. f3 Kf7 27.
Kf2 Ke6 28. Ne2 c5 29. Ke3 Rb8 30. b3 Rg8 31. Nf4+ Ke5 32. Nd3+ Kd6 33. Kf2 c4
34. Ne1 Kc5 0-1

[Event "XII Open Vallee d'Aoste A"]
[Site "Saint Vincent - Chatillon ITA"]
[Date "2004.02.14"]
[Round "8"]
[White "Faraoni, Enrico"]
[Black "Isonzo, David"]
[Result "1/2-1/2"]
[WhiteElo "2164"]
[BlackElo "2336"]
[PlyCount "36"]
[EventDate "2004.02.08"]

1. e4 c5 2. b3 d6 3. Bb2 Nf6 4. Nc3 g6 5. Nd5 Bg7 6. Nxf6+ Bxf6 7. Bxf6 exf6 8.
Bb5+ Nc6 9. Ne2 O-O 10. Bxc6 bxc6 11. O-O Re8 12. Ng3 h5 13. Re1 h4 14. Nf1 h3
15. Ng3 hxg2 16. d3 Qe7 17. f4 Qe6 18. Qf3 Qh3 1/2-1/2

[Event "XII Open Vallee d'Aoste A"]
[Site "Saint Vincent - Chatillon ITA"]
[Date "2004.02.14"]
[Round "8"]
[White "Friedrich, Norbert"]
[Black "Prie, Eric"]
[Result "0-1"]
[WhiteElo "2288"]
[BlackElo "2429"]
[PlyCount "88"]
[EventDate "2004.02.08"]

1. e4 d5 2. exd5 Qxd5 3. Nc3 Qa5 4. d4 Nf6 5. Nf3 c6 6. Bc4 Bf5 7. Bd2 e6 8.
Nd5 Qd8 9. Nxf6+ Qxf6 10. Qe2 Bg4 11. O-O-O Be7 12. Qe4 Bxf3 13. gxf3 Nd7 14.
h4 Nb6 15. Bd3 Rd8 16. c3 g6 17. Bf4 Qg7 18. h5 Bf6 19. Kb1 Ke7 20. h6 Qf8 21.
Be5 Bxe5 22. Qxe5 Rd5 23. Qe3 Qd8 24. Be4 Rd7 25. Qg5+ f6 26. Qh4 Kf7 27. Bc2
a5 28. Qe4 Re7 29. Rde1 a4 30. Rhg1 Rg8 31. a3 Nc4 32. Qe2 b5 33. Bxa4 Nxa3+
34. bxa3 bxa4 35. Qc4 Qd6 36. Ka2 Qh2 37. Qxc6 Qxf2+ 38. Ka1 Rb8 39. Rb1 Rb3
40. Qxa4 Rxc3 41. Rgc1 Qxf3 42. Rxc3 Qxc3+ 43. Ka2 Rc7 44. Qa8 Qxd4 0-1

[Event "XII Open Vallee d'Aoste A"]
[Site "Saint Vincent - Chatillon ITA"]
[Date "2004.02.14"]
[Round "8"]
[White "Gagunashvili, Merab"]
[Black "Roiz, Michael"]
[Result "0-1"]
[WhiteElo "2583"]
[BlackElo "2544"]
[PlyCount "108"]
[EventDate "2004.02.08"]

1. d4 Nf6 2. c4 e6 3. Nc3 d5 4. Bg5 Be7 5. Nf3 h6 6. Bh4 O-O 7. e3 b6 8. Be2
Bb7 9. Bxf6 Bxf6 10. cxd5 exd5 11. O-O Qe7 12. Rc1 Nd7 13. Qa4 a6 14. b4 b5 15.
Qb3 Nb6 16. a4 c6 17. Bd3 Bc8 18. axb5 axb5 19. e4 dxe4 20. Bxe4 Be6 21. Qb1
Rac8 22. Rfe1 Rfd8 23. Bh7+ Kh8 24. Bf5 Bxf5 25. Qxf5 Qxb4 26. Ne4 Nd5 27. Ne5
Kg8 28. Qh5 Rc7 29. Ng3 Bg5 30. Rcd1 Qf8 31. h4 Bf4 32. Ne4 g6 33. Qf3 h5 34.
g3 Bh6 35. Kg2 b4 36. Rd3 Re8 37. Nc5 Rd8 38. Na6 Ra7 39. Nc5 Rc7 40. Na6 Re7
41. Rb1 Re6 42. Re1 Bg7 43. Rc1 Bxe5 44. dxe5 Qe7 45. Rd4 Qa7 46. Nc5 Rxe5 47.
Rcc4 Qa2 48. Rxb4 Ne3+ 49. Kh3 Rxd4 50. Rxd4 Ng4 51. Rd8+ Kg7 52. Nd3 Re3 53.
Qg2 Rxd3 54. Rxd3 Qe6 0-1

[Event "XII Open Vallee d'Aoste A"]
[Site "Saint Vincent - Chatillon ITA"]
[Date "2004.02.14"]
[Round "8"]
[White "Godena, Michele"]
[Black "Lanzani, Mario"]
[Result "1-0"]
[WhiteElo "2515"]
[BlackElo "2352"]
[PlyCount "37"]
[EventDate "2004.02.08"]

1. e4 e5 2. Bc4 Nf6 3. d3 Nc6 4. Nf3 Bc5 5. c3 d6 6. Bb3 O-O 7. Bg5 h6 8. Bh4
g5 9. Bg3 Kg7 10. Nbd2 Qe8 11. Qe2 a5 12. a3 Be6 13. h4 g4 14. Nh2 b5 15. h5
Nxh5 16. Nxg4 Nxg3 17. fxg3 f5 18. Bxe6 Qxe6 19. Rxh6 1-0

[Event "XII Open Vallee d'Aoste A"]
[Site "Saint Vincent - Chatillon ITA"]
[Date "2004.02.14"]
[Round "8"]
[White "Guido, Flavio"]
[Black "Wagman, Stuart"]
[Result "1-0"]
[WhiteElo "2315"]
[BlackElo "2132"]
[PlyCount "57"]
[EventDate "2004.02.08"]

1. e4 c5 2. c3 d5 3. exd5 Qxd5 4. d4 Nf6 5. Nf3 Bg4 6. Be2 e6 7. h3 Bh5 8. Na3
Nc6 9. Be3 cxd4 10. Nb5 Rc8 11. Nbxd4 a6 12. Qa4 Be7 13. Rd1 Qa5 14. Qb3 Qc7
15. Nxc6 Qxc6 16. O-O O-O 17. Ne5 Qc7 18. Bxh5 Nxh5 19. Nd7 Rfe8 20. Bb6 Qc4
21. Qxc4 Rxc4 22. Rfe1 Rc6 23. Be3 Nf6 24. Nxf6+ Bxf6 25. Rd7 b5 26. Red1 h6
27. Ra7 Be7 28. Rdd7 Kf8 29. f4 1-0

[Event "XII Open Vallee d'Aoste A"]
[Site "Saint Vincent - Chatillon ITA"]
[Date "2004.02.14"]
[Round "8"]
[White "Iordachescu, Viorel"]
[Black "Naumkin, Igor"]
[Result "1-0"]
[WhiteElo "2634"]
[BlackElo "2416"]
[PlyCount "73"]
[EventDate "2004.02.08"]

1. e4 e6 2. d4 d5 3. Nd2 c5 4. Ngf3 cxd4 5. Nxd4 Nc6 6. Nxc6 bxc6 7. Bd3 Nf6 8.
Qe2 Be7 9. O-O O-O 10. Nf3 c5 11. c4 dxe4 12. Bxe4 Nxe4 13. Qxe4 Rb8 14. Qe2
Qc7 15. Ne5 Bd6 16. f4 Bb7 17. Bd2 f6 18. Ng4 Rbe8 19. Rae1 Re7 20. h3 Ba8 21.
Rf2 Qc6 22. Bc3 Bc7 23. b3 a5 24. Ne3 Ree8 25. Qg4 a4 26. bxa4 Qxa4 27. h4 Qc6
28. h5 h6 29. Rfe2 Bb7 30. Nd5 exd5 31. cxd5 Qa4 32. Bxf6 Rxf6 33. Rxe8+ Kh7
34. R8e7 Qd4+ 35. Kh1 Rf8 36. Qg6+ Kg8 37. Re8 1-0

[Event "XII Open Vallee d'Aoste A"]
[Site "Saint Vincent - Chatillon ITA"]
[Date "2004.02.14"]
[Round "8"]
[White "Joksic, Sinisa"]
[Black "Barlocco, Carlo"]
[Result "1-0"]
[WhiteElo "2335"]
[BlackElo "2131"]
[PlyCount "67"]
[EventDate "2004.02.08"]

1. d4 Nf6 2. Nf3 d6 3. c4 Nc6 4. g3 Bg4 5. Bg2 e6 6. O-O d5 7. Ne5 Nxe5 8. dxe5
Nd7 9. cxd5 exd5 10. Qxd5 c6 11. Qe4 Be6 12. Nc3 Bc5 13. Be3 Bxe3 14. Qxe3 O-O
15. f4 Re8 16. Kh1 Bf5 17. Qf3 h6 18. e4 Bh7 19. Rad1 Qe7 20. Rd6 Nb6 21. Rfd1
Nc4 22. Rd7 Qc5 23. b3 Nb6 24. R7d6 a5 25. a4 Qb4 26. Ne2 f5 27. exf5 Bxf5 28.
Nd4 Rf8 29. Nxf5 Rxf5 30. Qd3 Rf7 31. h4 Rc8 32. Qg6 Nd5 33. R6xd5 cxd5 34.
Bxd5 1-0

[Event "XII Open Vallee d'Aoste A"]
[Site "Saint Vincent - Chatillon ITA"]
[Date "2004.02.14"]
[Round "8"]
[White "Letreguilly, Olivier"]
[Black "Ciuksyte, Dagne"]
[Result "1/2-1/2"]
[WhiteElo "2258"]
[BlackElo "2392"]
[PlyCount "55"]
[EventDate "2004.02.08"]

1. e4 c5 2. Nf3 e6 3. d3 Nc6 4. g3 Nf6 5. Bg2 d6 6. O-O Be7 7. Nbd2 O-O 8. Re1
e5 9. a4 h6 10. Nc4 Be6 11. Qe2 Re8 12. Bd2 b6 13. Qf1 Bf8 14. c3 Qd7 15. b4
Rad8 16. b5 Nb8 17. Ne3 Ng4 18. c4 Nxe3 19. Bxe3 Be7 20. Nd2 Qc8 21. a5 Bg5 22.
axb6 axb6 23. Ra8 Qb7 24. Rea1 Bxe3 25. fxe3 Qe7 26. Nf3 Bg4 27. Bh3 h5 28. Nd2
1/2-1/2

[Event "XII Open Vallee d'Aoste A"]
[Site "Saint Vincent - Chatillon ITA"]
[Date "2004.02.14"]
[Round "8"]
[White "Mchedlishvili, Mikheil"]
[Black "Tolhuizen, Ludo"]
[Result "1-0"]
[WhiteElo "2557"]
[BlackElo "2259"]
[PlyCount "69"]
[EventDate "2004.02.08"]

1. d4 d6 2. Nf3 Bg4 3. c4 Nd7 4. e4 g6 5. Be2 Bg7 6. Nc3 c5 7. d5 Bxc3+ 8. bxc3
Ngf6 9. Qc2 Qa5 10. O-O O-O-O 11. Rb1 Rhg8 12. Rb5 Qc7 13. Ng5 Bxe2 14. Qxe2
Rdf8 15. f4 h6 16. Nf3 g5 17. e5 Ne8 18. fxg5 hxg5 19. Nxg5 dxe5 20. Nxf7 Nd6
21. Nxd6+ exd6 22. Rxf8+ Rxf8 23. Qg4 Kb8 24. Bh6 Rc8 25. Rb1 Nb6 26. Rf1 a6
27. h4 Ka7 28. h5 Qh7 29. Qg6 Qd7 30. Bf8 Nxc4 31. Qe6 Qd8 32. h6 Rc7 33. Qf6
Qe8 34. Bxd6 Rc8 35. Bf8 1-0

[Event "XII Open Vallee d'Aoste A"]
[Site "Saint Vincent - Chatillon ITA"]
[Date "2004.02.14"]
[Round "8"]
[White "Miatello, Alberto"]
[Black "Medancic, Rikard"]
[Result "1-0"]
[WhiteElo "2074"]
[BlackElo "2277"]
[PlyCount "71"]
[EventDate "2004.02.08"]

1. e4 e5 2. Nf3 Nc6 3. Be2 Nf6 4. d4 exd4 5. e5 Ng4 6. O-O d6 7. Nxd4 Ngxe5 8.
f4 Nd7 9. Nxc6 bxc6 10. Bf3 Bb7 11. Re1+ Be7 12. Qe2 Kf8 13. Nc3 d5 14. Be3 Bd6
15. Qf2 a5 16. Na4 Ba6 17. b3 Bb5 18. Nc5 Nxc5 19. Bxc5 Bxc5 20. Qxc5+ Qd6 21.
Qd4 h5 22. a4 Ba6 23. Re5 h4 24. Rae1 Rh6 25. Qa7 Qd8 26. Re8+ Qxe8 27. Rxe8+
Rxe8 28. Qxa6 Rhe6 29. Kf2 Rf6 30. Qxa5 Rxf4 31. Qxc7 Rf6 32. a5 g5 33. h3 Rfe6
34. a6 c5 35. a7 Kg7 36. Qb8 1-0

[Event "XII Open Vallee d'Aoste A"]
[Site "Saint Vincent - Chatillon ITA"]
[Date "2004.02.14"]
[Round "8"]
[White "Nordahl, Helge"]
[Black "Sarno, Spartaco"]
[Result "1/2-1/2"]
[WhiteElo "2346"]
[BlackElo "2395"]
[PlyCount "67"]
[EventDate "2004.02.08"]

1. d4 Nf6 2. c4 g6 3. Nc3 Bg7 4. e4 d6 5. f4 O-O 6. Nf3 c5 7. d5 e6 8. Be2 exd5
9. cxd5 Bg4 10. O-O Bxf3 11. Bxf3 Nbd7 12. Re1 Ne8 13. Bg4 Nc7 14. e5 dxe5 15.
Bxd7 Qxd7 16. fxe5 Rfe8 17. Bf4 Qf5 18. Qf3 Bxe5 19. Bxe5 Rxe5 20. Qxf5 Rxf5
21. Rad1 Kf8 22. d6 Ne6 23. g4 Rf4 24. Re4 Rxe4 25. Nxe4 Rd8 26. Rd5 b6 27. Kf2
Kg7 28. g5 h6 29. h4 hxg5 30. hxg5 Nf8 31. Re5 Ne6 32. Rd5 Rh8 33. Kg3 Rd8 34.
Kf2 1/2-1/2

[Event "XII Open Vallee d'Aoste A"]
[Site "Saint Vincent - Chatillon ITA"]
[Date "2004.02.14"]
[Round "8"]
[White "Popa, Claudiu"]
[Black "Manca, Federico"]
[Result "1/2-1/2"]
[WhiteElo "2199"]
[BlackElo "2363"]
[PlyCount "104"]
[EventDate "2004.02.08"]

1. e4 c5 2. c3 d6 3. d4 Nf6 4. f3 Nbd7 5. Be3 e5 6. dxc5 dxc5 7. Bc4 Be7 8. Nh3
O-O 9. Nf2 Qc7 10. Nd2 Nb6 11. Be2 Be6 12. c4 Nh5 13. g3 Nf4 14. O-O Rad8 15.
b3 Bg5 16. Kh1 Qe7 17. Qe1 Nh3 18. Nd1 g6 19. Nb1 f5 20. Bxg5 Qxg5 21. Nbc3 f4
22. g4 h5 23. gxh5 Qxh5 24. Nd5 Kf7 25. Nf2 Rh8 26. Nxh3 Qxh3 27. Rf2 Qg3 28.
Rg2 Qxe1+ 29. Rxe1 Rh5 30. Reg1 Rdh8 31. Nxb6 axb6 32. Rd1 Ke7 33. Rd2 g5 34.
Bd1 Ra8 35. a4 Rd8 36. Rxd8 Kxd8 37. Kg1 Ke7 38. Kh1 Kf6 39. Rd2 Rh7 40. Rd6
Rd7 41. Rxd7 Bxd7 42. Kg2 Ke7 43. Kf2 Kd6 44. Ke1 Ke6 45. Kf2 Kf6 46. Be2 Kg6
47. h4 gxh4 48. Kg2 Kf6 49. Kh2 Ke7 50. Bf1 Kf6 51. Bh3 Bxh3 52. Kxh3 Kg5
1/2-1/2

[Event "XII Open Vallee d'Aoste A"]
[Site "Saint Vincent - Chatillon ITA"]
[Date "2004.02.14"]
[Round "8"]
[White "Romanishin, Oleg M."]
[Black "Gershon, Alik"]
[Result "1/2-1/2"]
[WhiteElo "2537"]
[BlackElo "2546"]
[PlyCount "70"]
[EventDate "2004.02.08"]

1. d4 Nf6 2. Nf3 c5 3. d5 b5 4. c4 g6 5. e3 bxc4 6. Bxc4 Bg7 7. O-O O-O 8. Nc3
d6 9. h3 Ba6 10. Nd2 Nfd7 11. e4 Nb6 12. Bxa6 Nxa6 13. Qe2 Qc8 14. Nf3 Nc7 15.
Bf4 Qa6 16. Qc2 Nb5 17. Qe2 Nc7 18. Qc2 Nc4 19. Rac1 Rab8 20. b3 Na3 21. Qd2
Rb4 22. Bh6 Nab5 23. Bxg7 Kxg7 24. Nxb5 Qxb5 25. e5 dxe5 26. d6 exd6 27. Qxd6
Ne6 28. Qxe5+ Kg8 29. Ng5 Nf4 30. Ne4 Ne2+ 31. Kh2 Nxc1 32. Nf6+ Kh8 33. Nd7+
Kg8 34. Nf6+ Kh8 35. Nd7+ Kg8 1/2-1/2

[Event "XII Open Vallee d'Aoste A"]
[Site "Saint Vincent - Chatillon ITA"]
[Date "2004.02.14"]
[Round "8"]
[White "Rombaldoni, Denis"]
[Black "Giffard, Nicolas"]
[Result "0-1"]
[WhiteElo "2133"]
[BlackElo "2345"]
[PlyCount "108"]
[EventDate "2004.02.08"]

1. d4 Nf6 2. Nf3 b5 3. Nbd2 Bb7 4. e3 b4 5. c4 e6 6. Bd3 c5 7. O-O d6 8. b3 Be7
9. Bb2 O-O 10. Qe2 Nbd7 11. Rad1 Qc7 12. Bb1 Rfe8 13. Ne1 a5 14. f4 d5 15. Nd3
dxc4 16. bxc4 cxd4 17. exd4 Nb6 18. Rc1 Na4 19. Ba1 Nc3 20. Bxc3 bxc3 21. Rxc3
Qd8 22. Qe3 Ng4 23. Qh3 Qxd4+ 24. Nf2 f5 25. Nb3 Qxf4 26. Nxg4 Qxg4 27. Qxg4
fxg4 28. c5 Bd5 29. Nd4 Rec8 30. c6 Bf6 31. Rxf6 gxf6 32. c7 Kf7 33. a4 h5 34.
Bd3 Ke7 35. g3 f5 36. Kf2 Ra7 37. Nb5 Rb7 38. Ke3 Kd7 39. Kf4 Rb6 40. Kg5 Rc6
41. Ra3 Rc1 42. Kxh5 Rh8+ 43. Kg6 Rxh2 44. Kf6 f4 45. Bf5 exf5 46. Rd3 Rc5 47.
Nc3 Rxc3 48. Rxc3 Bb7 49. Kxf5 fxg3 50. Rxg3 Bf3 51. Rg1 Kxc7 52. Rc1+ Kd6 53.
Kf4 Ra2 54. Rc4 Kd5 0-1

[Event "XII Open Vallee d'Aoste A"]
[Site "Saint Vincent - Chatillon ITA"]
[Date "2004.02.14"]
[Round "8"]
[White "Saldano Dayer, Horacio"]
[Black "Bruzon Batista, Lazaro"]
[Result "1/2-1/2"]
[WhiteElo "2420"]
[BlackElo "2603"]
[PlyCount "81"]
[EventDate "2004.02.08"]

1. e4 c5 2. Nf3 e6 3. Nc3 a6 4. d4 cxd4 5. Nxd4 Nc6 6. g3 d6 7. Bg2 Bd7 8. O-O
Nf6 9. a4 Be7 10. Nb3 b6 11. f4 O-O 12. Be3 Rc8 13. g4 h6 14. h3 Nb4 15. Nd4 e5
16. Nf5 Bxf5 17. gxf5 Nd7 18. Qe2 Bf6 19. Rad1 Rc6 20. Rd2 Re8 21. Nd1 Rc8 22.
c3 Nc6 23. Rxd6 Qc7 24. Rd5 Ne7 25. Rd2 a5 26. fxe5 Nxe5 27. Bf4 Qc6 28. Ne3
Qxa4 29. Ng4 Nxg4 30. Qxg4 Nc6 31. Bxh6 Ne5 32. Qg3 Kh7 33. Bf4 Qb5 34. Rd5 Rc5
35. Rd6 Rc6 36. Rd5 Rc5 37. Rd6 Rc6 38. Rd5 Rc5 39. Rd6 Rc6 40. Rd5 Rc5 41. Rd6
1/2-1/2

[Event "XII Open Vallee d'Aoste A"]
[Site "Saint Vincent - Chatillon ITA"]
[Date "2004.02.14"]
[Round "8"]
[White "Tiviakov, Sergei"]
[Black "Nisipeanu, Liviu-Dieter"]
[Result "1/2-1/2"]
[WhiteElo "2600"]
[BlackElo "2678"]
[PlyCount "50"]
[EventDate "2004.02.08"]

1. e4 c6 2. d3 d5 3. Nd2 e5 4. Ngf3 Bd6 5. d4 exd4 6. exd5 cxd5 7. Nxd4 Ne7 8.
Be2 O-O 9. N2b3 Nbc6 10. Bg5 a6 11. Bh4 Nxd4 12. Qxd4 Qc7 13. Bg3 Nf5 14. Bxd6
Qxd6 15. Qd2 Qg6 16. g4 Nd6 17. O-O-O Re8 18. Nd4 Ne4 19. Qf4 Bd7 20. h4 Qb6
21. Rh3 Rac8 22. Rb3 Qa5 23. Ra3 Qb4 24. Rb3 Qa5 25. Ra3 Qb4 1/2-1/2

[Event "XII Open Vallee d'Aoste A"]
[Site "Saint Vincent - Chatillon ITA"]
[Date "2004.02.14"]
[Round "8"]
[White "Tomba, Ivan"]
[Black "Qendro, Llambi"]
[Result "1-0"]
[WhiteElo "2236"]
[BlackElo "2374"]
[PlyCount "75"]
[EventDate "2004.02.08"]

1. e4 d6 2. d4 Nf6 3. Nc3 g6 4. f4 Bg7 5. Nf3 O-O 6. Bd3 Nc6 7. e5 dxe5 8. fxe5
Nh5 9. Be2 Bg4 10. Be3 f6 11. exf6 Bxf6 12. Ne4 Bxf3 13. Nxf6+ exf6 14. Bxf3
Re8 15. Kf2 Ng7 16. c3 Nf5 17. Bf4 Kg7 18. Re1 Qd7 19. Rxe8 Rxe8 20. Qb3 Nd8
21. Qd5 Qe7 22. Bd2 c6 23. Qa5 b6 24. Qa4 Qc7 25. g3 g5 26. Qc2 Nd6 27. h4 gxh4
28. gxh4 Nc4 29. Rg1+ Kh8 30. Rg2 Qe7 31. Kg1 f5 32. Bg5 Qf7 33. Bh5 Re1+ 34.
Kf2 Qe6 35. Be2 Rh1 36. Qd3 f4 37. Bxd8 Nxb2 38. Qe4 1-0

[Event "XII Open Vallee d'Aoste A"]
[Site "Saint Vincent - Chatillon ITA"]
[Date "2004.02.14"]
[Round "8"]
[White "Welling, Gerard"]
[Black "Rybenko, Kseniya"]
[Result "1-0"]
[WhiteElo "2373"]
[BlackElo "2242"]
[PlyCount "69"]
[EventDate "2004.02.08"]

1. d4 Nf6 2. Nf3 g6 3. Nc3 d5 4. Bf4 Bg7 5. e3 c6 6. Be2 O-O 7. h4 b5 8. Ne5
Ne8 9. h5 g5 10. Bxg5 f6 11. h6 Bh8 12. Bf4 fxe5 13. dxe5 Nc7 14. Bd3 Rf7 15.
Qh5 Kf8 16. O-O-O Ne6 17. Rh4 Qe8 18. Rg4 Bd7 19. Rg3 Nxf4 20. exf4 Rxf4 21.
Qg5 Qf7 22. Bxh7 Rg4 23. Rxg4 Bxg4 24. Qxg4 Qxh7 25. Qc8+ Kf7 26. e6+ Kg6 27.
Rh1 Be5 28. g4 Qh8 29. Qb7 Bxc3 30. Qxe7 Bxb2+ 31. Kb1 Qf6 32. Qe8+ Kg5 33. f4+
Kxg4 34. Qh5+ Kg3 35. Rh3+ 1-0